000 00322nam a2200121Ia 4500
008 240624s9999 xx 000 0 und d
041 _aeng
082 _a658 CAR
100 _aCARLILE PAUL R
245 _aREIMAGINING BUSINESS EDUCATION INSIGHTS
260 _c2016
_aNew Delhi
_bEmerald
300 _axv, : 127 : p. : cm. ; 23
999 _c28109
_d28109